| 000 -ლიდერი |
| ფიქსირებული სიგრძის საკონტროლო ველი |
01083nam a2200241Ia 4500 |
| 001 - საკონტროლო ნომერი |
| საკონტროლო ველი |
8058 |
| 003 - საკონტროლო ნომრის იდენტიფიკატორი |
| საკონტროლო ველი |
GE_BSU |
| 005 - ბოლო ოპერაციის თარიღი და დრო |
| საკონტროლო ველი |
20200116151000.0 |
| 008 - ფიქსირებული სიგრძის მონაცემთა ელემენტები - ზოგადი ინფორმაცია |
| ფიქსირებული სიგრძის საკონტროლო ველი |
181216s2012||||ge |||||||||||||| ||geo|| |
| 020 ## - წიგნის საერთაშორისო სტანდარტული ნომერი |
| International Standard Book Number |
9789941926396 |
| 040 ## - კატალოგიზაციის წყარო |
| Transcribing agency |
GE_BSU |
| 041 ## - ენის კოდი |
| Language code of text/sound track or separate title |
geo |
| 080 ## - უნივერსალური ათობითი კლასიფიკაციის ინდექსი |
| Universal Decimal Classification number |
793.3.087.68(479.22) უ–30 |
| 100 ## - მთავარი ჩანაწერი - პიროვნების სახელი |
| Personal name |
უთმელიძე, თენგიზ |
| 9 (RLIN) |
6164 |
| 245 ## - ცნობა სათაურის შესახებ |
| Title |
"სუხიშვილები" : რომანტიკული ფოტომატიანე / |
| Statement of responsibility, etc |
თენგიზ უთმელიძე ; რედ. ნოდარ გურაბანიძე. |
| 264 ## - წარმოების, გამოცემის, დისტრიბუციის და სხვა ცნობები |
| გამოცემის, წარმოების, დისტრიბუციის... ადგილი |
თბილისი, |
| გამოცემის, წარმოების, დისტრიბუციის... თარიღი |
2012. |
| 300 ## - ფიზიკური აღწერა |
| Extent |
246 გვ.: |
| Other physical details |
ფოტ. ; |
| Dimensions |
29 სმ. |
| 653 ## - INDEX TERM--UNCONTROLLED |
| Uncontrolled term |
ქართული ქორეოგრაფია - ფოტოალბომები |
| 653 ## - INDEX TERM--UNCONTROLLED |
| Uncontrolled term |
ქართველი ქორეოგრაფები |
| 653 ## - INDEX TERM--UNCONTROLLED |
| Uncontrolled term |
ქართული ცეკვის ანსამბლები |
| 700 ## - ADDED ENTRY--PERSONAL NAME |
| Personal name |
გურაბანიძე, ნ. |
| Relator term |
რედაქტორი |
| 9 (RLIN) |
6165 |
| 942 ## - ADDED ENTRY ELEMENTS (KOHA) |
| Koha item type |
წიგნი |
| Source of classification or shelving scheme |
|